000 00507nam a2200181 a 4500
001 000016688
005 20240412074245.0
008 100309s1986 dr 001 p spa d
040 _aDO-SdBNP
_bspa
_cBNPHU
082 _aRD861.44
_bN127h
100 1 _aNadal, Pablo
_922625
245 1 0 _aHabitante del duro momento /
_cPablo Nadal.
260 _aSanto Domingo :
_bCENAPEC,
_c1986.
300 _a54 p. ;
_c22 cm.
650 0 _aPoesía dominicana
_966
650 0 _aLiteratura dominicana.
_967
049 _aBNPD
999 _c16221
_d16221